Lavish - Twenty One Pilots Lyrics - Statistics

General Stats
  • This quiz has been taken 234 times
  • The average score is 244 of 284
Answer Stats
Lyrics % Correct
a
100%
I
100%
lavish
100%
lavish)
100%
in
99%
the
99%
to
99%
You
98%
it
98%
It's
98%
(It's
98%
it's
98%
of
98%
way
98%
Welcome
98%
(Welcome
98%
you
98%
You
98%
like
97%
livin'
97%
new
97%
see
97%
haven't
96%
while
96%
while)
96%
beginning
95%
just
95%
style
95%
your
95%
seen
94%
Capri-
91%
is
91%
Sun
91%
on
90%
From
89%
floor
88%
Got
88%
And
87%
and
87%
that
87%
You're
87%
you're
87%
Sip
86%
ceiling
85%
ceiling
85%
first
85%
Napoleon
85%
time
85%
when
85%
deserve
84%
bottomless
83%
Big
82%
complex,
82%
shine
82%
Walk
82%
show
81%
show,
81%
not
80%
try
80%
flex,
79%
best
78%
for
78%
front
78%
hands
78%
let
78%
Let
78%
look
78%
this
78%
both
77%
talk
77%
want
77%
whatever
77%
me
76%
penny
76%
shoulder
76%
flow,
75%
nice
75%
nice,
75%
say
73%
So
73%
real
72%
smellin'
72%
that's
72%
problem
71%
I'm
70%
row,
68%
looking
68%
proctologist
68%
put
68%
squeak,
68%
worth
68%
right
67%
if
66%
Dom
65%
hot,
65%
hot
65%
loafer
65%
talkin'
65%
fightin'
63%
know
63%
equipment
62%
folks
62%
comfortably
61%
Keep
61%
keep
61%
shot
61%
are
60%
comin'
60%
live
58%
can
57%
cool,
57%
feet
57%
Pérignon
57%
NDAs
56%
everyone
55%
with
55%
someone
54%
friends
52%
happily
52%
hurtin',
52%
linoleum
52%
Room
52%
mood
51%
tell
50%
across
48%
brought
48%
then
48%
anonymous
45%
bots
45%
payroll,
45%
follow
44%
hypocrisy
42%
tough
42%
androgynous
41%
at
22%
No matching quizzes found
Score Distribution
Percent of People with Each Score
Percentile by Number Answered
Your Score History
You have not taken this quiz